Acerca de Miguel Barnet
Gorde:
| Beste egile batzuk: | , |
|---|---|
| Formatua: | Ezezaguna |
| Argitaratua: |
La Habana, Cuba
Letras Cubanas
2000
|
| Gaiak: | |
| Etiketak: |
Etiketa erantsi
Etiketarik gabe, Izan zaitez lehena erregistro honi etiketa jartzen!
|
MARC
| LEADER | 000000000a22000000004500 | ||
|---|---|---|---|
| 001 | 001967 | ||
| 020 | |a 9591005261 | ||
| 041 | 0 | |a español | |
| 092 | 0 | |a 868.640.9 B261a | |
| 700 | 1 | 2 | |a Azougarh, Abdeslam |e selección |
| 700 | 1 | 2 | |a Fernández Guerra, Ángel Luis |e seleccionador |
| 245 | 1 | 0 | |a Acerca de Miguel Barnet |
| 260 | |a La Habana, Cuba |b Letras Cubanas |c 2000 | ||
| 300 | |a 245 páginas | ||
| 500 | |a número de inscripción 06007 | ||
| 600 | 4 | |a BARNET, MIGUEL, 1940- | |
| 650 | 4 | |a NOVELA TESTIMONIAL | |
| 650 | 4 | |a LITERATURA LATINOAMERICANA | |
| 650 | 4 | |a CRITICISMO E INTERPRETACION | |
| 999 | |c 2852 |d 2852 | ||



